[Event "Barbera op "]
[Site "?"]
[Date "2012.07.10"]
[Round "7"]
[White "Dave, D."]
[Black "Vigoa Apecheche, Y."]
[Result "0-1"]
[WhiteElo "2170"]
[BlackElo "2269"]
[PlyCount "62"]
[EventDate "2012.??.??"]
[EventType "swiss"]
[EventRounds "9"]

1. e4 c5 2. Nf3 a6 3. d3 g6 4. g3 Bg7 5. Bg2 Nc6 6. O-O e6 7. Re1 Nge7 8. c3
O-O 9. Qe2 d6 10. h4 e5 11. Qc2 Kh8 12. a3 a5 13. a4 f5 14. Na3 f4 15. Nb5 Bg4
16. Nh2 Be6 17. Qd1 g5 18. hxg5 Ng6 19. Qh5 Qd7 20. Bd2 Rf7 21. Bf3 Raf8 22.
Rf1 c4 23. dxc4 Bxc4 24. Rfe1 Nce7 25. Bg4 Qc6 26. Na3 Bd3 27. Be2 fxg3 28.
fxg3 Qc5+ 29. Kg2 Rf2+ 30. Kh3 Bxe2 31. Rxe2 Qc8+ 0-1

[Event "Barbera op "]
[Site "?"]
[Date "2012.07.10"]
[Round "7"]
[White "Diaz Camallonga, C."]
[Black "Bas Mas, JJ."]
[Result "0-1"]
[WhiteElo "2144"]
[BlackElo "2214"]
[PlyCount "96"]
[EventDate "2012.??.??"]
[EventType "swiss"]
[EventRounds "9"]

1. e4 e6 2. d4 d5 3. Nc3 Nf6 4. Bg5 Bb4 5. e5 h6 6. Bd2 Bxc3 7. bxc3 Ne4 8. Qg4
g6 9. Bd3 Nxd2 10. Kxd2 c5 11. Nf3 c4 12. Be2 Bd7 13. h4 Bc6 14. Nh2 Nd7 15. h5
g5 16. f4 f5 17. exf6 Qxf6 18. fxg5 Qxg5+ 19. Qxg5 hxg5 20. Ng4 Ke7 21. Raf1
Raf8 22. Rxf8 Nxf8 23. Ne5 Be8 24. Bg4 Rh6 25. Re1 Rh7 26. Rh1 Ng6 27. Nf3 Kf6
28. g3 Ne7 29. Bxe6 Rxh5 30. Rxh5 Bxh5 31. g4 Be8 32. Bf5 Nxf5 33. gxf5 Kxf5
34. Ke3 Ba4 35. Ne1 Kg4 36. Kf2 Kh3 37. Kg1 Kg3 38. Kf1 Bd7 39. a3 Bg4 40. a4
Bf3 41. a5 g4 42. Kg1 Be4 43. Ng2 Bxc2 44. Ne3 Be4 45. Nf1+ Kf3 46. Nd2+ Ke3
47. Nf1+ Kd3 48. Ng3 Bf3 0-1

[Event "Barbera op "]
[Site "?"]
[Date "2012.07.10"]
[Round "7"]
[White "Fernandez Diaz, C."]
[Black "Guix Torres, D."]
[Result "1-0"]
[WhiteElo "2162"]
[BlackElo "2011"]
[PlyCount "55"]
[EventDate "2012.??.??"]
[EventType "swiss"]
[EventRounds "9"]

1. d4 Nf6 2. c4 c5 3. d5 b5 4. f3 b4 5. e4 d6 6. Bd3 g6 7. f4 Bg7 8. Nf3 O-O 9.
O-O Bg4 10. Nbd2 Nbd7 11. h3 Bxf3 12. Nxf3 Nb6 13. e5 dxe5 14. fxe5 Nfd7 15.
Qe2 Rc8 16. Bf4 e6 17. Bg5 Qe8 18. d6 f6 19. exf6 Bxf6 20. Bh6 Bg7 21. Bxg7
Kxg7 22. Ng5 e5 23. Rxf8 Nxf8 24. Rf1 Nbd7 25. Rf7+ Kg8 26. Re7 Qd8 27. Be4 Nf6
28. Qf3 1-0

[Event "Barbera op "]
[Site "?"]
[Date "2012.07.10"]
[Round "7"]
[White "Gomez Ledo, RC."]
[Black "Krishna, CRG."]
[Result "1/2-1/2"]
[WhiteElo "2428"]
[BlackElo "2273"]
[PlyCount "60"]
[EventDate "2012.??.??"]
[EventType "swiss"]
[EventRounds "9"]

1. d4 c5 2. d5 f5 3. c4 Nf6 4. e3 d6 5. Nc3 g6 6. h4 e5 7. dxe6 Bxe6 8. Nh3 Nc6
9. Nf4 Bf7 10. b3 Bg7 11. Bb2 Qa5 12. Qd2 O-O-O 13. O-O-O Ng4 14. Ncd5 Be5 15.
Ne7+ Kd7 16. Nxc6 Qxd2+ 17. Rxd2 Bxb2+ 18. Kxb2 bxc6 19. g3 Rb8 20. Kc3 a5 21.
Bg2 Kc7 22. Nd3 Rhe8 23. Rhd1 Nf6 24. Nb2 Rbd8 25. Nd3 Rb8 26. Nf4 Rbd8 27. Nd3
Rb8 28. Nb2 Rbd8 29. Nd3 Rb8 30. Nf4 Rbd8 1/2-1/2

[Event "Barbera op "]
[Site "?"]
[Date "2012.07.10"]
[Round "7"]
[White "Gonzalez Garcia, J."]
[Black "Alsina Leal, D."]
[Result "1-0"]
[WhiteElo "2518"]
[BlackElo "2535"]
[PlyCount "75"]
[EventDate "2012.??.??"]
[EventType "swiss"]
[EventRounds "9"]

1. c4 Nf6 2. Nc3 d5 3. cxd5 Nxd5 4. g3 e5 5. Bg2 Nb6 6. Nf3 Nc6 7. O-O Be7 8.
d3 O-O 9. Be3 Be6 10. Rc1 f5 11. a3 Bf6 12. Nd2 Rb8 13. Nb5 a6 14. Bxc6 bxc6
15. Na7 Qd7 16. Nxc6 Rbe8 17. Nb4 a5 18. Na6 Nd5 19. Nc5 Qf7 20. Nxe6 Nxe3 21.
fxe3 Qxe6 22. Qb3 Qxb3 23. Nxb3 Bg5 24. Rxc7 Rb8 25. Nc5 Bxe3+ 26. Kg2 Rxb2 27.
Ne6 Rf6 28. Rxg7+ Kh8 29. Re7 h5 30. Kh3 f4 31. Ng5 Rf5 32. Nf7+ Kg7 33. Nd6+
Kg6 34. Nxf5 Kxf5 35. gxf4 Bxf4 36. Rf2 Rb3 37. Ra7 Rxa3 38. Ra6 1-0

[Event "Barbera op "]
[Site "?"]
[Date "2012.07.10"]
[Round "7"]
[White "Guerra Mendez, JA."]
[Black "Saptarshi, R."]
[Result "1-0"]
[WhiteElo "2428"]
[BlackElo "2389"]
[PlyCount "104"]
[EventDate "2012.??.??"]
[EventType "swiss"]
[EventRounds "9"]

1. e4 c5 2. Nf3 d6 3. d4 cxd4 4. Nxd4 Nf6 5. Nc3 g6 6. g3 Bg7 7. Bg2 O-O 8. O-O
Bd7 9. h3 Nc6 10. Nde2 Rc8 11. a4 a6 12. Kh2 Qa5 13. Bd2 Qh5 14. Qc1 e5 15. f3
h6 16. g4 Qh4 17. Be3 Ne8 18. Nd5 Be6 19. Qd2 f5 20. Kg1 Kh7 21. c4 f4 22. Bf2
Qd8 23. b4 h5 24. Ra3 Bh6 25. Bb6 Qd7 26. b5 Ne7 27. Qd3 axb5 28. axb5 Bxd5 29.
cxd5 Nf6 30. Bf2 g5 31. Rc3 Rxc3 32. Nxc3 hxg4 33. hxg4 Nxg4 34. fxg4 Qxg4 35.
Qh3 Qxh3 36. Bxh3 g4 37. Bxg4 Rg8 38. Ra1 Rxg4+ 39. Kf1 Rg7 40. b6 Ng8 41. Nb5
Nf6 42. Nxd6 Rd7 43. Nxb7 Rxb7 44. Ra7 Rg7 45. b7 Nd7 46. Ra8 Bg5 47. d6 Kg6
48. Rc8 f3 49. Bg3 Rh7 50. Rc7 Rh1+ 51. Kf2 Kh5 52. Kxf3 Rh3 1-0

[Event "Barbera op "]
[Site "?"]
[Date "2012.07.10"]
[Round "7"]
[White "Ivakhinova, I."]
[Black "Aranaz Portugues, JC."]
[Result "1-0"]
[WhiteElo "2306"]
[BlackElo "2189"]
[PlyCount "52"]
[EventDate "2012.??.??"]
[EventType "swiss"]
[EventRounds "9"]

1. d4 e6 2. c4 Bb4+ 3. Nc3 d5 4. cxd5 exd5 5. Qb3 Nc6 6. Nf3 Nge7 7. e3 Bf5 8.
Be2 a5 9. a3 a4 10. Qd1 Bxc3+ 11. bxc3 Nc8 12. c4 dxc4 13. Bxc4 Nd6 14. Ba2 O-O
15. O-O b5 16. Re1 Re8 17. Qe2 Na5 18. Ne5 Nb3 19. Bxb3 axb3 20. f3 f6 21. Nc6
Qd7 22. d5 Ra4 23. Nb4 c5 24. dxc6 Qa7 25. Qf2 Be6 26. Rd1 Nf5 1-0

[Event "Barbera op "]
[Site "?"]
[Date "2012.07.10"]
[Round "7"]
[White "Lacasta Palacio, J."]
[Black "Aprea, D."]
[Result "1-0"]
[WhiteElo "2195"]
[BlackElo "1942"]
[PlyCount "119"]
[EventDate "2012.??.??"]
[EventType "swiss"]
[EventRounds "9"]

1. g3 d5 2. c4 e6 3. Bg2 Nf6 4. Nf3 Be7 5. O-O O-O 6. Qc2 b6 7. d4 Bb7 8. Ne5
Nc6 9. Nxc6 Bxc6 10. Nc3 Qd7 11. cxd5 exd5 12. Bf4 Rac8 13. Rfd1 Ba8 14. Qb3
Kh8 15. Rac1 Ne4 16. f3 Nxc3 17. bxc3 g5 18. Bd2 f5 19. Rf1 h5 20. Kh1 Qe6 21.
e4 f4 22. exd5 Bxd5 23. c4 Bb7 24. Rce1 Qf7 25. gxf4 g4 26. d5 Rce8 27. Re6 Bc8
28. Bc3+ Kg8 29. Rh6 Qf5 30. fxg4 hxg4 31. c5 Bf6 32. cxb6 axb6 33. Rxf6 Rxf6
34. Bxf6 Qxf6 35. d6+ Be6 36. Qa4 Rd8 37. f5 Bxf5 38. dxc7 Rc8 39. Qb5 Bd7 40.
Qb3+ Be6 41. Rxf6 Bxb3 42. axb3 Rxc7 43. Bd5+ Kg7 44. Rxb6 Rc3 45. Kg2 Rd3 46.
Bc4 Rc3 47. Re6 Kh8 48. Re4 Kh7 49. Rxg4 Kh6 50. h3 Kh5 51. Bf7+ Kh6 52. Rg6+
Kh7 53. Rg3 Rc7 54. Bc4 Kh6 55. Kf3 Kh5 56. Ke4 Kh4 57. Rd3 Rc5 58. Kd4 Rc7 59.
b4 Kg5 60. b5 1-0

[Event "Barbera op "]
[Site "?"]
[Date "2012.07.10"]
[Round "7"]
[White "Medina de Baets, VJ."]
[Black "Subirachs Mancebo, G."]
[Result "1/2-1/2"]
[WhiteElo "1978"]
[BlackElo "2109"]
[PlyCount "167"]
[EventDate "2012.??.??"]
[EventType "swiss"]
[EventRounds "9"]

1. Nf3 d5 2. d3 Nf6 3. g3 Nbd7 4. Bg2 e5 5. Bg5 Bd6 6. e4 c6 7. a3 h6 8. Bxf6
Nxf6 9. Nc3 O-O 10. Qd2 Qe7 11. O-O dxe4 12. dxe4 Be6 13. Ne1 Bc4 14. Nd3 Rad8
15. Ne2 Rd7 16. Qa5 Bxd3 17. cxd3 Bc5 18. Rad1 Rfd8 19. Qc3 Bb6 20. Qb3 Rd6 21.
Bh3 Nd7 22. Nc1 Nc5 23. Qc2 Qf6 24. Kh1 Nxe4 25. Kg2 Ng5 26. Bg4 Ne6 27. Bxe6
Qxe6 28. Rde1 Qd5+ 29. Kg1 h5 30. Qe2 h4 31. Qxe5 hxg3 32. hxg3 Qf3 33. Qe4
Qxg3+ 34. Qg2 Qxg2+ 35. Kxg2 Rg6+ 36. Kf3 Rf6+ 37. Kg2 Kf8 38. Re2 Re8 39.
Rxe8+ Kxe8 40. Ne2 Rd6 41. Rd1 f5 42. f4 Kf7 43. b4 g6 44. Nc3 Bd4 45. Ne2 Bg7
46. d4 Ke6 47. Kf3 Kd5 48. Rc1 Ke6 49. Ke3 Kf6 50. Ng1 Re6+ 51. Kf3 g5 52.
fxg5+ Kxg5 53. Nh3+ Kf6 54. Nf4 Bh6 55. Nxe6 Bxc1 56. Nd8 Bxa3 57. Nxb7 Bxb4
58. Nd8 c5 59. Nc6 a6 60. d5 Bc3 61. d6 Ke6 62. d7 Kxd7 63. Nb8+ Kd6 64. Nxa6
c4 65. Kf4 Bd2+ 66. Kxf5 c3 67. Nb4 Kc5 68. Nc2 Kd5 69. Nb4+ Kd4 70. Nc2+ Kc4
71. Ke4 Bh6 72. Na1 Bg7 73. Nc2 Kb3 74. Kd3 Kb2 75. Nb4 Bf8 76. Nc2 Bc5 77. Ne1
Bd6 78. Nc2 Be5 79. Nb4 Kb1 80. Nc2 Bf6 81. Nb4 Kb2 82. Nc2 Bg5 83. Nb4 Bd2 84.
Nc2 1/2-1/2

[Event "Barbera op "]
[Site "?"]
[Date "2012.07.10"]
[Round "7"]
[White "Muñoz Pantoja, M."]
[Black "Van Riemsdijk, HC."]
[Result "1-0"]
[WhiteElo "2496"]
[BlackElo "2397"]
[PlyCount "69"]
[EventDate "2012.??.??"]
[EventType "swiss"]
[EventRounds "9"]

1. e4 c5 2. Nf3 e6 3. c4 d5 4. exd5 exd5 5. cxd5 Nf6 6. Bc4 a6 7. a4 Be7 8. Nc3
O-O 9. O-O Bg4 10. h3 Bh5 11. g4 Bg6 12. Ne5 Nbd7 13. Nxd7 Nxd7 14. f4 Nb6 15.
d3 Qd6 16. Qf3 f5 17. Re1 Bf6 18. Re6 Qd8 19. a5 Nxc4 20. dxc4 Re8 21. Rxe8+
Qxe8 22. Be3 Qe7 23. Bf2 Re8 24. g5 Bd4 25. Rd1 Qf7 26. Rd2 Bh5 27. Qd3 Re1+
28. Kg2 Qe8 29. Bxd4 cxd4 30. Qxd4 Be2 31. d6 Qh5 32. Rxe2 Rxe2+ 33. Nxe2 Qxe2+
34. Kg3 h5 35. gxh6 1-0

[Event "Barbera op "]
[Site "?"]
[Date "2012.07.10"]
[Round "7"]
[White "Narciso Dublan, M."]
[Black "Barbero Sendic, A."]
[Result "1-0"]
[WhiteElo "2539"]
[BlackElo "2370"]
[PlyCount "77"]
[EventDate "2012.??.??"]
[EventType "swiss"]
[EventRounds "9"]

1. d4 Nf6 2. c4 g6 3. Nc3 d5 4. Nf3 Bg7 5. Qb3 dxc4 6. Qxc4 O-O 7. e4 Nc6 8.
Be2 Bg4 9. Be3 Bxf3 10. gxf3 e5 11. dxe5 Nxe5 12. Qb5 Re8 13. Rd1 Qc8 14. f4
Nc6 15. e5 Ng4 16. Nd5 Nxe3 17. Nxe3 Rd8 18. Nd5 Kh8 19. Qb3 Na5 20. Qc3 c6 21.
Ne3 Rxd1+ 22. Bxd1 b6 23. Bf3 c5 24. Bxa8 Qxa8 25. O-O Qe4 26. Qd2 h5 27. Ng2
Nc6 28. f3 Qf5 29. Qd5 Nd4 30. Qe4 Qh3 31. Rf2 Bf8 32. Ne3 Qd7 33. f5 gxf5 34.
Qh4 Bg7 35. Qxh5+ Kg8 36. f4 Kf8 37. h3 b5 38. Kh2 c4 39. Qd1 1-0

[Event "Barbera op "]
[Site "?"]
[Date "2012.07.10"]
[Round "7"]
[White "Palit, S."]
[Black "Gonzalez Perez, A."]
[Result "1/2-1/2"]
[WhiteElo "2393"]
[BlackElo "2452"]
[PlyCount "74"]
[EventDate "2012.??.??"]
[EventType "swiss"]
[EventRounds "9"]

1. d4 Nf6 2. Nc3 d5 3. Bg5 Nbd7 4. Qd3 c6 5. e4 dxe4 6. Nxe4 Nxe4 7. Qxe4 Nf6
8. Qe3 Qa5+ 9. c3 Nd5 10. Qd2 Bf5 11. Nf3 e6 12. Ne5 Qc7 13. g4 Bg6 14. h4 Bd6
15. h5 Be4 16. f3 Bxe5 17. fxe4 Bg3+ 18. Kd1 Bf4 19. Bxf4 Nxf4 20. e5 Nd5 21.
h6 gxh6 22. Kc2 O-O-O 23. Rd1 c5 24. Kb1 cxd4 25. cxd4 Kb8 26. Rxh6 Ne7 27. Bg2
Nc6 28. Bxc6 Qxc6 29. Qd3 Qg2 30. Rxh7 Rxh7 31. Qxh7 Qxg4 32. Qd3 a6 33. a3 Rd5
34. Rd2 Qh4 35. Ka2 Ka7 36. Qe3 Qd8 37. Rf2 Qc7 1/2-1/2

[Event "Barbera op "]
[Site "?"]
[Date "2012.07.10"]
[Round "7"]
[White "Perez Mañas, B."]
[Black "Sanchez Ibern, M."]
[Result "1-0"]
[WhiteElo "2250"]
[BlackElo "2364"]
[PlyCount "121"]
[EventDate "2012.??.??"]
[EventType "swiss"]
[EventRounds "9"]

1. e4 e6 2. d4 d5 3. Nd2 Nf6 4. Bd3 c5 5. e5 Nfd7 6. c3 b6 7. h4 Ba6 8. Bxa6
Nxa6 9. h5 cxd4 10. cxd4 Nb4 11. Nb1 Qc8 12. Nc3 Qc4 13. Nge2 Nd3+ 14. Kf1 f6
15. Rh3 Nb4 16. exf6 Nxf6 17. Bg5 Be7 18. h6 O-O 19. hxg7 Rf7 20. Kg1 Ng4 21.
Qb1 Rxg7 22. Bxe7 Rxe7 23. a3 Nc6 24. b3 Qa6 25. Rg3 Rg7 26. Nf4 Qb7 27. Qd1
Nh6 28. Rxg7+ Qxg7 29. Nxe6 Qf6 30. Nxd5 Qxe6 31. Nc7 Qc8 32. Nxa8 Qxa8 33. Qh5
Nf7 34. Re1 Qd8 35. Re4 Ne7 36. Rh4 Qd5 37. Qxh7+ Kf8 38. b4 Qb3 39. Rf4 Ng8
40. Qe4 Nf6 41. Qf5 Qd1+ 42. Kh2 Qh5+ 43. Qxh5 Nxh5 44. Rh4 Ng7 45. g4 Ne6 46.
d5 Nf4 47. Kg3 Nxd5 48. f4 Kg7 49. Rh1 Kf6 50. Kf3 b5 51. Rc1 Nd6 52. Rc6 Ke7
53. f5 Nc4 54. g5 Nd6 55. Rc5 Nb6 56. Kf4 Ndc4 57. Rxb5 Nxa3 58. Ra5 Nac4 59.
Rxa7+ Kd6 60. g6 Nd5+ 61. Kg3 1-0

[Event "Barbera op "]
[Site "?"]
[Date "2012.07.10"]
[Round "7"]
[White "Perez Mitjans, O."]
[Black "Aloma Vidal, R."]
[Result "1/2-1/2"]
[WhiteElo "2504"]
[BlackElo "2400"]
[PlyCount "143"]
[EventDate "2012.??.??"]
[EventType "swiss"]
[EventRounds "9"]

1. e4 Nf6 2. e5 Nd5 3. d4 d6 4. Nf3 dxe5 5. Nxe5 c6 6. Bc4 Nd7 7. Nf3 N7f6 8.
h3 Bf5 9. O-O e6 10. Bb3 Be7 11. Nh4 Bg6 12. Nxg6 hxg6 13. c4 Nb6 14. Be3 O-O
15. Qf3 a5 16. a3 Nbd7 17. Nc3 Qb6 18. Qd1 Rad8 19. Qc2 Qa6 20. Rfe1 Nb6 21. d5
cxd5 22. Bxb6 Qxb6 23. cxd5 e5 24. Rxe5 Bd6 25. Re2 Rc8 26. Ba2 Nh5 27. Qb3 Qa6
28. Qb5 Nf6 29. Qxa6 bxa6 30. Bb3 Rfd8 31. Ba4 Rc4 32. Bc6 Rb8 33. Rc1 g5 34.
g3 g6 35. Rcc2 Kg7 36. Kg2 Rb3 37. Nd1 Rd4 38. Ne3 g4 39. h4 Ne4 40. Nc4 Bc7
41. Rxe4 Rxe4 42. d6 Rxc4 43. dxc7 Rxc2 44. c8=Q Rb6 45. Qxg4 Rbxc6 46. Qd4+
Kh7 47. b3 Ra2 48. h5 Re6 49. hxg6+ Kxg6 50. Qg4+ Kf6 51. Qh4+ Kg6 52. Qg4+ Kf6
53. Qd4+ Kg6 54. Qd3+ Kg7 55. Qc3+ Rf6 56. g4 Raxf2+ 57. Kg3 Kg8 58. g5 R6f5
59. Qe3 Kg7 60. Kg4 Kg6 61. Qe4 R2f4+ 62. Qxf4 Rxf4+ 63. Kxf4 f6 64. gxf6 Kxf6
65. Ke4 Ke6 66. Kd4 Kd6 67. Kc4 Kc6 68. a4 Kd6 69. Kd4 Kc6 70. Kc4 Kd6 71. Kd4
Kc6 72. Kc4 1/2-1/2

[Event "Barbera op "]
[Site "?"]
[Date "2012.07.10"]
[Round "7"]
[White "Perpinya Rofes, LM."]
[Black "Moreno Ruiz, J."]
[Result "1/2-1/2"]
[WhiteElo "2401"]
[BlackElo "2504"]
[PlyCount "109"]
[EventDate "2012.??.??"]
[EventType "swiss"]
[EventRounds "9"]

1. e4 c5 2. Nf3 Nc6 3. d4 cxd4 4. Nxd4 g6 5. Nc3 Bg7 6. Be3 Nf6 7. Bc4 O-O 8.
Bb3 a5 9. f3 d5 10. Bxd5 Nxd5 11. Nxd5 f5 12. Nxc6 bxc6 13. Nb6 Rb8 14. Qxd8
Rxd8 15. Rd1 Rxd1+ 16. Kxd1 fxe4 17. Nxc8 Rxc8 18. fxe4 Bxb2 19. Ke2 Be5 20.
Rb1 Bxh2 21. Rb6 Bd6 22. a4 Kf7 23. Ra6 Bb4 24. Bb6 Ke6 25. Kd3 Rf8 26. c3 Bd6
27. Rxa5 h5 28. Bd4 Bf4 29. Ra6 Rc8 30. Rb6 Bd6 31. a5 c5 32. Be3 Ke5 33. c4
Rd8 34. Rb5 Bb8+ 35. Ke2 Kxe4 36. a6 Bd6 37. Bxc5 Ra8 38. Bxd6 exd6 39. Rb6 Ke5
40. c5 dxc5 41. Rxg6 Kd4 42. Kd2 Kc4 43. Rb6 Rg8 44. Rh6 Rxg2+ 45. Kc1 Kc3 46.
Kb1 Rb2+ 47. Ka1 Rb4 48. Rxh5 Ra4+ 49. Kb1 c4 50. Rh3+ Kb4 51. Rh6 Kb3 52. Rb6+
Kc3 53. Rh6 Ra5 54. Rh3+ Kb4 55. Rh6 1/2-1/2

[Event "Barbera op "]
[Site "?"]
[Date "2012.07.10"]
[Round "7"]
[White "Ruiz Sanchez, O."]
[Black "Hernandez Carmenates, H."]
[Result "0-1"]
[WhiteElo "2416"]
[BlackElo "2569"]
[PlyCount "74"]
[EventDate "2012.??.??"]
[EventType "swiss"]
[EventRounds "9"]

1. e4 c5 2. Nf3 e6 3. d4 cxd4 4. Nxd4 Nf6 5. Nc3 d6 6. Be3 Nc6 7. f3 Be7 8. Qd2
O-O 9. O-O-O a6 10. g4 Nd7 11. Kb1 Nxd4 12. Bxd4 b5 13. h4 b4 14. Na4 Bb7 15.
Qxb4 Bc6 16. Qc4 Bb5 17. Qb3 Rb8 18. c4 Bc6 19. Qc2 Qa5 20. Nc3 Rb7 21. Qd2 Qc7
22. Rc1 Nc5 23. Rc2 Rfb8 24. Rh2 Bd8 25. Qe3 Nd7 26. Qc1 Qa5 27. g5 e5 28. Be3
Bb6 29. h5 Bxe3 30. Qxe3 Nc5 31. Rcd2 Ne6 32. h6 g6 33. Bh3 Nf4 34. Bf1 Qc7 35.
c5 dxc5 36. Qxc5 Ne6 37. Qd6 Rxb2+ 0-1

[Event "Barbera op "]
[Site "?"]
[Date "2012.07.10"]
[Round "7"]
[White "Sanchez Dengra, JM."]
[Black "Mamedjarova, T."]
[Result "1/2-1/2"]
[WhiteElo "2002"]
[BlackElo "2259"]
[PlyCount "41"]
[EventDate "2012.??.??"]
[EventType "swiss"]
[EventRounds "9"]

1. c4 c5 2. Nf3 Nf6 3. d4 e6 4. g3 b6 5. d5 exd5 6. cxd5 d6 7. e4 g6 8. Bg2 Bg7
9. O-O O-O 10. e5 dxe5 11. Nxe5 Bb7 12. Nc6 Qd7 13. Nc3 Nxc6 14. dxc6 Bxc6 15.
Qxd7 Bxd7 16. Bxa8 Rxa8 17. Be3 Bc6 18. Rad1 Ng4 19. Bf4 g5 20. Rd6 Rc8 21. h3
1/2-1/2

[Event "Barbera op "]
[Site "?"]
[Date "2012.07.10"]
[Round "7"]
[White "Sos Andreu, E."]
[Black "Iagar, RG."]
[Result "1/2-1/2"]
[WhiteElo "2185"]
[BlackElo "2154"]
[PlyCount "45"]
[EventDate "2012.??.??"]
[EventType "swiss"]
[EventRounds "9"]

1. c4 Nf6 2. Nc3 c6 3. e4 d5 4. exd5 cxd5 5. d4 e6 6. Nf3 Nc6 7. c5 b6 8. Bb5
Bd7 9. Bxc6 Bxc6 10. Ne5 Qc8 11. b4 bxc5 12. bxc5 Nd7 13. Nxc6 Qxc6 14. Be3 Rb8
15. Rb1 a6 16. O-O Be7 17. Bf4 Ra8 18. Re1 O-O 19. Qa4 Qxa4 20. Nxa4 Rfc8 21.
a3 Rc6 22. Nc3 g5 23. Bd2 1/2-1/2

[Event "Barbera op "]
[Site "?"]
[Date "2012.07.10"]
[Round "7"]
[White "Thakur, A."]
[Black "Mosquera, M."]
[Result "0-1"]
[WhiteElo "2280"]
[BlackElo "2395"]
[PlyCount "101"]
[EventDate "2012.??.??"]
[EventType "swiss"]
[EventRounds "9"]

1. d4 d5 2. Nc3 Nf6 3. Bg5 Nbd7 4. Qd3 e6 5. e4 dxe4 6. Nxe4 Be7 7. Nxf6+ Nxf6
8. Nf3 O-O 9. O-O-O b6 10. Ne5 Bb7 11. Qh3 Nd5 12. Be3 Nxe3 13. fxe3 Qd5 14.
Kb1 Rad8 15. Bd3 g6 16. Rd2 Bf6 17. Ng4 Bg7 18. Nh6+ Bxh6 19. Qxh6 e5 20. h4 e4
21. h5 Qe6 22. Bc4 Bd5 23. Bxd5 Rxd5 24. hxg6 Qxg6 25. Qh2 c5 26. c3 Rfd8 27.
Ka1 b5 28. Rf2 cxd4 29. cxd4 Rc8 30. Rf6 Qh5 31. Rh6 Qxh2 32. R6xh2 Rc2 33.
Rxh7 Rxg2 34. R7h4 Rdg5 35. a3 f5 36. Ka2 Re2 37. Rh8+ Kf7 38. Rb8 a6 39. Rh7+
Kg6 40. Ra7 Rxe3 41. Rxa6+ Kh5 42. Rxb5 f4 43. Rb8 f3 44. Rf8 Kg4 45. Raf6 Kg3
46. a4 Rd3 47. b4 Rh5 48. Rg8+ Kf2 49. b5 Ke3 50. Kb2 Rd2+ 51. Kc3 0-1

[Event "Barbera op "]
[Site "?"]
[Date "2012.07.10"]
[Round "7"]
[White "Turov, M."]
[Black "Quesada Perez, Y."]
[Result "1/2-1/2"]
[WhiteElo "2642"]
[BlackElo "2626"]
[PlyCount "83"]
[EventDate "2012.??.??"]
[EventType "swiss"]
[EventRounds "9"]

1. c4 Nf6 2. Nc3 e5 3. g3 Bb4 4. Bg2 O-O 5. Nf3 Nc6 6. O-O d6 7. Nd5 Nxd5 8.
cxd5 Nd4 9. Ne1 c5 10. e3 Nf5 11. f4 exf4 12. Rxf4 Ne7 13. Nd3 Ng6 14. Rf2 Ba5
15. b3 Qg5 16. Bb2 Bd7 17. Kh1 Rae8 18. Qc2 Re7 19. a3 Rc8 20. Raf1 b5 21. Ne1
Qh5 22. Bf3 Bg4 23. Bxg4 Qxg4 24. Ng2 Rcc7 25. Nf4 Ne5 26. a4 bxa4 27. bxa4 Re8
28. Bxe5 Rxe5 29. Rb1 Qc8 30. Rb5 Bb4 31. Qc4 g6 32. Kg2 Re8 33. Nd3 a5 34. Qf4
Qd7 35. Qf6 Qe7 36. Qxe7 Rexe7 37. Rb6 Red7 38. e4 Ba3 39. Rf3 Bb4 40. Rf2 Ba3
41. Rf3 Bb4 42. Rf2 1/2-1/2

[Event "Barbera op "]
[Site "?"]
[Date "2012.07.10"]
[Round "7"]
[White "Umudova, N."]
[Black "Silva Rodriguez, J."]
[Result "1/2-1/2"]
[WhiteElo "2210"]
[BlackElo "2168"]
[PlyCount "96"]
[EventDate "2012.??.??"]
[EventType "swiss"]
[EventRounds "9"]

1. Nf3 Nf6 2. g3 d5 3. Bg2 c6 4. O-O Bf5 5. b3 e6 6. Bb2 Nbd7 7. d3 Be7 8. Nbd2
O-O 9. Re1 h6 10. e4 Bh7 11. Qe2 b5 12. h4 a5 13. e5 Ne8 14. Nh2 a4 15. Ndf1
Qa5 16. a3 axb3 17. cxb3 Qb6 18. Nf3 Nc7 19. Ne3 b4 20. a4 Nc5 21. Bd4 N7a6 22.
Bf1 Qa5 23. Qd1 Nd7 24. h5 Rfc8 25. Ng4 Qd8 26. Kg2 Bf5 27. Ne3 Bh7 28. Ng4 Qf8
29. Rc1 Bc5 30. Bb2 Be7 31. Bd4 Nac5 32. Nfh2 Ra5 33. f4 Re8 34. Nf3 f6 35. Be2
Bf5 36. Ne3 Bh7 37. Rh1 Rc8 38. Bb2 Qf7 39. Nh4 fxe5 40. fxe5 Bg5 41. Bd4 Nb7
42. Nf3 Qe7 43. Nxg5 Qxg5 44. Ng4 c5 45. Be3 Qe7 46. Bf4 Nd8 47. Rf1 Nf7 48.
Qd2 c4 1/2-1/2

[Event "Barbera op "]
[Site "?"]
[Date "2012.07.11"]
[Round "8"]
[White "Alarcon Casellas, R."]
[Black "Narciso Dublan, M."]
[Result "1-0"]
[WhiteElo "2436"]
[BlackElo "2539"]
[PlyCount "83"]
[EventDate "2012.??.??"]
[EventType "swiss"]
[EventRounds "9"]

1. d4 d5 2. Nf3 Nf6 3. c3 g6 4. h3 Bg7 5. Bf4 O-O 6. e3 b6 7. Be2 c5 8. O-O Nc6
9. Ne5 Bb7 10. Bh2 Nxe5 11. Bxe5 Nd7 12. Bxg7 Kxg7 13. f4 Qc7 14. Nd2 Rae8 15.
Qe1 e6 16. Qg3 Nf6 17. Bd3 Re7 18. Qh4 h5 19. Rf3 Ne4 20. Bxe4 dxe4 21. Rg3 Kh7
22. Rf1 f6 23. f5 exf5 24. Rxf5 Rg7 25. Rf1 Kh6 26. Qf4+ Qxf4 27. exf4 cxd4 28.
cxd4 Rd8 29. Nb3 Bd5 30. Rd1 Rgd7 31. Nd2 f5 32. Ra3 a5 33. Nf1 Bc6 34. Rc1 Ba8
35. Rb3 Rb8 36. Ne3 Rxd4 37. Rc7 Bd5 38. Rb5 Bg8 39. g4 hxg4 40. hxg4 Rb4 41.
Rd5 Re8 42. Rd2 1-0

[Event "Barbera op "]
[Site "?"]
[Date "2012.07.11"]
[Round "8"]
[White "Arjun, B."]
[Black "Sanchez Ibern, M."]
[Result "1/2-1/2"]
[WhiteElo "2250"]
[BlackElo "2364"]
[PlyCount "76"]
[EventDate "2012.??.??"]
[EventType "swiss"]
[EventRounds "9"]

1. Nf3 Nf6 2. c4 g6 3. Nc3 d5 4. cxd5 Nxd5 5. Qa4+ Nc6 6. Ne5 Qd6 7. Nxc6 Qxc6
8. Qxc6+ bxc6 9. b3 Nxc3 10. dxc3 Bg7 11. Bb2 a5 12. g3 Be6 13. O-O-O O-O 14.
Bg2 Ra6 15. c4 a4 16. Bxg7 Kxg7 17. Kb2 Rb8 18. Rc1 c5 19. Rhd1 g5 20. f4 h6
21. Rd2 Rd6 22. Rxd6 cxd6 23. Kc3 gxf4 24. gxf4 Kf6 25. Bf3 axb3 26. axb3 Rg8
27. e3 h5 28. b4 cxb4+ 29. Kxb4 Rb8+ 30. Ka3 h4 31. e4 Ra8+ 32. Kb2 Rb8+ 33.
Ka3 Ra8+ 34. Kb2 Ra5 35. Be2 Rc5 36. Kc3 Ra5 37. Kb2 Rc5 38. Kc3 Ra5 1/2-1/2

[Event "Barbera op "]
[Site "?"]
[Date "2012.07.11"]
[Round "8"]
[White "Barbero Sendic, A."]
[Black "Vigoa Apecheche, Y."]
[Result "1/2-1/2"]
[WhiteElo "2370"]
[BlackElo "2269"]
[PlyCount "168"]
[EventDate "2012.??.??"]
[EventType "swiss"]
[EventRounds "9"]

1. e4 c5 2. Nf3 Nc6 3. d4 cxd4 4. Nxd4 Nf6 5. Nc3 e5 6. Ndb5 d6 7. Bg5 a6 8.
Na3 Be6 9. Nc4 b5 10. Ne3 Be7 11. Bxf6 Bxf6 12. Ncd5 Bg5 13. Bd3 O-O 14. O-O
Ne7 15. c4 Bxd5 16. cxd5 Qb6 17. Nc2 Rac8 18. Qh5 Bh6 19. Kh1 Rc7 20. Rae1 Ng6
21. g3 b4 22. b3 Rc3 23. Qe2 a5 24. Rd1 Rfc8 25. Bc4 Qc5 26. Ne1 Rf8 27. Nd3
Qc8 28. f4 exf4 29. gxf4 Rxd3 30. Bxd3 Nxf4 31. Qf3 Qc3 32. Bb5 Qc2 33. Rf2 Qc5
34. Bd7 Qa7 35. Bg4 Qe7 36. Rc2 Qe5 37. Rc6 Bg5 38. Rf1 g6 39. Rc4 h5 40. Bh3
Bh6 41. Bd7 Rd8 42. Rc8 Rxc8 43. Bxc8 Qc3 44. Ba6 Qc2 45. e5 dxe5 46. Bc4 Bf8
47. d6 Bxd6 48. Qc6 Qf5 49. Rxf4 exf4 50. Qxd6 f3 51. Qd3 Qg4 52. Qf1 Kg7 53.
Qf2 Qe4 54. h3 h4 55. Kg1 Qf4 56. Bf1 Qg5+ 57. Kh1 Qf4 58. Qb2+ Kg8 59. Qc2 Kg7
60. Qc4 Qg3 61. Qd4+ Kg8 62. Qd8+ Kg7 63. Qxa5 Qe1 64. Qb5 Kh6 65. Qd3 Qf2 66.
Qd1 f5 67. Qd3 Kh5 68. Qc4 Kg5 69. Qc1+ Kh5 70. Qd1 Kg5 71. Qd8+ Kh5 72. Qh8+
Kg5 73. Qa1 Kh6 74. a4 bxa3 75. b4 a2 76. b5 Qc2 77. b6 Qb1 78. Qh8+ Kg5 79.
Qd8+ Kh5 80. Qh8+ Kg5 81. Qd8+ Kh5 82. Qh8+ Kg5 83. Qd8+ Kh5 84. Qh8+ Kg5
1/2-1/2

[Event "Barbera op "]
[Site "?"]
[Date "2012.07.11"]
[Round "8"]
[White "Bas Mas, JJ."]
[Black "Fenollar Jorda, M."]
[Result "0-1"]
[WhiteElo "2214"]
[BlackElo "2354"]
[PlyCount "48"]
[EventDate "2012.??.??"]
[EventType "swiss"]
[EventRounds "9"]

1. e4 e5 2. Nf3 Nc6 3. Bb5 a6 4. Ba4 Nf6 5. O-O b5 6. Bb3 Bc5 7. c3 d6 8. a4
Rb8 9. d4 Bb6 10. axb5 axb5 11. Na3 O-O 12. Re1 Bg4 13. Nxb5 Re8 14. Bc2 Bxf3
15. gxf3 Nh5 16. f4 Qh4 17. f5 g6 18. fxg6 fxg6 19. Be3 Rf8 20. Qe2 Nf4 21.
Bxf4 Rxf4 22. Rad1 Rbf8 23. Rf1 exd4 24. cxd4 Ne5 0-1